[Event "Lisbon-ch"]
[Site "Lisbon"]
[Date "2015.01.27"]
[Round "1"]
[White "Miranda, Andre Alexandre"]
[Black "Sousa, Tadeu Filipe Leonar"]
[Result "0-1"]
[WhiteElo "1671"]
[BlackElo "1787"]
[PlyCount "66"]
[EventDate "2015.01.27"]
[EventType "swiss"]
[EventRounds "7"]
[EventCountry "POR"]
[SourceTitle "CBM 164 Extra"]
[Source "ChessBase"]
[SourceDate "2015.03.02"]
[SourceVersion "1"]
[SourceVersionDate "2015.03.02"]
[SourceQuality "1"]

1. d4 g6 2. e4 Bg7 3. Nf3 d6 4. Be3 c5 5. c3 Nf6 6. dxc5 dxc5 7. Qxd8+ Kxd8 8. Nbd2 Nbd7 9. Bc4 Ke8 10. h3 e6 11. Rd1 b6 12. 0-0 Bb7 13. Rfe1 Rd8 14. Bf4 Nh5 15. Bc7 Rc8 16. Bd6 Bf8 17. e5 Ng7 18. Ne4 Nf5 19. Bxf8 Rxf8 20. g4 Bxe4 21. Rxe4 Ne7 22. Bb5 Nc6 23. Rd6 Ndb8 24. Ng5 h6 25. Nh7 Rh8 26. Nf6+ Ke7 27. Ra4 Nxe5 28. Ne4 Nec6 29. Bxc6 Nxc6 30. Rxc6 Rxc6 31. Rxa7+ Kf8 32. Nf6 Kg7 33. Ne8+ Rxe8 0-1